000 00873nam a22002417a 4500
999 _c10506
_d10506
003 AR-CdUCM
008 190401b ||||| |||| 00| 0 spa d
040 _aMUNICIPALIDAD PROVINCIAL DEL CUSCO
_cBIBLIOTECA MUNICIPAL DEL CUSCO
082 _a869.409 /
_bC422S
100 _aCéspedes, Augusto
_9477
245 _aSalamanca o el metafísico del fracaso /
260 _aLa Paz :
_bJuventud,
_c1973.
300 _a140 páginas ;
_c18 cm.
440 _aColeccion Ayer y Hoy
_927408
500 _aDonación de la familia Nieto. Dedicatoria a Luis Nieto.
505 _aContenido: Sangre y documentos -- Salamanca: genio y figura -- La combustión interna -- Potencial armado sobre silogismo ...
650 _aLiteratura Boliviana
_94271
650 _aBolivia
_91138
650 _aLiteratura Latino
_927409
650 _aSiglo XX
_98
942 _2ddc
_cLIBROS
945 _acmm